Digital pdp11 systems and options summary July- December 1980
Enregistré dans:
| Format: | Livre |
|---|---|
| Langue: | English |
| Publié: |
1980
|
| Tags: |
Ajouter un tag
Pas de tags, Soyez le premier à ajouter un tag!
|
MARC
| LEADER | 00000nam a2200000Ia 4500 | ||
|---|---|---|---|
| 003 | MV0092 | ||
| 005 | 20221231143950.0 | ||
| 008 | 140114s1980 us a 000 ||eng d | ||
| 040 | |c cru CEDI | ||
| 090 | |a MV 92 | ||
| 245 | |a Digital pdp11 systems and options summary |b July- December 1980 | ||
| 260 | |c 1980 | ||
| 300 | |a 81 páginas | ||
| 942 | |c MX | ||
| 999 | |c 14912 |d 14912 | ||
